[Event "Montreal Pere Noel op"]
[Site "Montreal"]
[Date "2008.12.26"]
[Round "1"]
[White "Kraiouchkine, Nikita"]
[Black "Poschmann, Jeremie"]
[Result "1-0"]
[WhiteElo "2245"]
[BlackElo "1853"]
[PlyCount "57"]
[EventDate "2008.12.26"]
[EventType "swiss"]
[EventRounds "5"]
[EventCountry "CAN"]
[SourceTitle "EXT 2011"]
[Source "ChessBase"]
[SourceDate "2010.11.26"]
[SourceVersion "1"]
[SourceVersionDate "2010.11.26"]
[SourceQuality "1"]

1. e4 e6 2. d4 d5 3. e5 c5 4. c3 Nc6 5. Nf3 Bd7 6. a3 cxd4 7. cxd4 Nh6 8. Bxh6 gxh6 9. Nc3 a6 10. Qd2 Bg7 11. Bd3 Qb6 12. Na4 Qa5 13. Nc5 Qxd2+ 14. Kxd2 b5 15. Rac1 f6 16. Nxe6 Bxe6 17. Rxc6 Kd7 18. Rhc1 Rhc8 19. Rxc8 Rxc8 20. Rxc8 Kxc8 21. Bxh7 Bg4 22. exf6 Bxf6 23. Ne5 Bg5+ 24. Kc3 Be6 25. g3 Kc7 26. f4 Bf6 27. f5 Bd7 28. Ng4 Bg5 29. h4 1-0

[Event "Montreal Mercredi 11"]
[Site "Montreal"]
[Date "2008.12.03"]
[Round "3"]
[White "Poschmann, Jeremie"]
[Black "Plante, Michel"]
[Result "1-0"]
[WhiteElo "1889"]
[BlackElo "2064"]
[PlyCount "83"]
[EventDate "2008.11.19"]
[EventType "tourn"]
[EventRounds "5"]
[EventCountry "CAN"]
[SourceTitle "EXT 2011"]
[Source "ChessBase"]
[SourceDate "2010.11.26"]
[SourceVersion "1"]
[SourceVersionDate "2010.11.26"]
[SourceQuality "1"]

1. d4 d5 2. c4 e6 3. cxd5 exd5 4. Bf4 c6 5. Nf3 Qb6 6. Qb3 Bf5 7. Nc3 Qxb3 8. axb3 Nd7 9. e3 Ngf6 10. Nd2 Nh5 11. Bg3 Bb4 12. Be2 Nxg3 13. hxg3 0-0 14. g4 Bg6 15. f4 f6 16. f5 Bf7 17. Bd3 Rfe8 18. Kf2 c5 19. Nf3 cxd4 20. exd4 a6 21. Ne2 h6 22. Nf4 Nf8 23. Ng1 Re7 24. Nge2 Rae8 25. Nc3 Bxc3 26. bxc3 Rc7 27. Rhc1 Rec8 28. Ne2 h5 29. gxh5 Bxh5 30. c4 dxc4 31. bxc4 Bf7 32. c5 g5 33. Be4 Nd7 34. Rcb1 Rb8 35. Nc3 Kg7 36. Nd5 Rcc8 37. Nb6 Rd8 38. Ke3 Be8 39. Nc4 Bf7 40. Nd6 b6 41. Nxf7 Kxf7 42. c6 1-0

[Event "Montreal Mercredi 10"]
[Site "Montreal"]
[Date "2008.10.22"]
[Round "3"]
[White "Gauthier, Denis"]
[Black "Poschmann, Jeremie"]
[Result "1-0"]
[WhiteElo "1832"]
[BlackElo "1859"]
[PlyCount "42"]
[EventDate "2008.10.08"]
[EventType "tourn"]
[EventRounds "5"]
[EventCountry "CAN"]
[SourceTitle "EXT 2011"]
[Source "ChessBase"]
[SourceDate "2010.11.26"]
[SourceVersion "1"]
[SourceVersionDate "2010.11.26"]
[SourceQuality "1"]

1. d4 Nf6 2. c4 e6 3. Nf3 c5 4. d5 exd5 5. cxd5 d6 6. Nc3 g6 7. e4 Bg7 8. h3 0-0 9. Bd3 Re8 10. 0-0 Na6 11. Re1 Nc7 12. Bf4 a6 13. a4 Rb8 14. Qd2 b5 15. axb5 axb5 16. e5 b4 17. exd6 Rxe1+ 18. Nxe1 Ncxd5 19. Nxd5 Nxd5 20. d7 Nxf4 21. dxc8Q Nxh3+ 1-0

[Event "Montreal Mercredi 10"]
[Site "Montreal"]
[Date "2008.10.15"]
[Round "2"]
[White "Poschmann, Jeremie"]
[Black "Brodie, Hugh"]
[Result "1/2-1/2"]
[WhiteElo "1859"]
[BlackElo "1825"]
[PlyCount "27"]
[EventDate "2008.10.08"]
[EventType "tourn"]
[EventRounds "5"]
[EventCountry "CAN"]
[SourceTitle "EXT 2011"]
[Source "ChessBase"]
[SourceDate "2010.11.26"]
[SourceVersion "1"]
[SourceVersionDate "2010.11.26"]
[SourceQuality "1"]

1. d4 e6 2. c4 f5 3. Nc3 Nf6 4. Nf3 b6 5. Bg5 Bb4 6. e3 Bb7 7. Qc2 0-0 8. Bd3 Qe8 9. Bxf6 Rxf6 10. a3 Bxc3+ 11. Qxc3 d6 12. 0-0-0 Nd7 13. Bc2 Qe7 14. h4 1/2-1/2

[Event "Montreal Mercredi 09"]
[Site "Montreal"]
[Date "2008.09.24"]
[Round "4"]
[White "Cote, Philippe"]
[Black "Poschmann, Jeremie"]
[Result "1-0"]
[WhiteElo "1717"]
[BlackElo "1835"]
[PlyCount "85"]
[EventDate "2008.09.03"]
[EventType "tourn"]
[EventRounds "5"]
[EventCountry "CAN"]
[SourceTitle "EXT 2011"]
[Source "ChessBase"]
[SourceDate "2010.11.26"]
[SourceVersion "1"]
[SourceVersionDate "2010.11.26"]
[SourceQuality "1"]

1. e4 e6 2. d3 d5 3. Nd2 c5 4. Ngf3 Nc6 5. g3 Bd6 6. Bg2 Nge7 7. 0-0 0-0 8. Re1 f6 9. c3 Bd7 10. Qe2 Be8 11. Nf1 Bf7 12. Ne3 Re8 13. Nh4 d4 14. Nc4 Bc7 15. e5 Bxe5 16. Nxe5 Nxe5 17. f4 N5c6 18. c4 Qd6 19. Bd2 a5 20. g4 Ng6 21. Nxg6 Bxg6 22. h4 h6 23. Qf2 Bxd3 24. f5 Bxc4 25. g5 hxg5 26. hxg5 exf5 27. Qxf5 fxg5 28. Bxg5 Rf8 29. Qg4 Bd5 30. Bh6 Qxh6 31. Bxd5+ Kh8 32. Kg2 Rf2+ 33. Kxf2 Qh2+ 34. Qg2 Rf8+ 35. Bf3 Qf4 36. Qh3+ Kg8 37. Qe6+ Rf7 38. Qe8+ Rf8 39. Qd7 d3 40. Qd5+ Rf7 41. Re8+ Kh7 42. Rh1+ Kg6 43. Re6+ 1-0

[Event "Montreal Mercredi 05"]
[Site "Montreal"]
[Date "2008.05.28"]
[Round "3"]
[White "Poschmann, Jeremie"]
[Black "Morin, Louis"]
[Result "1-0"]
[WhiteElo "1799"]
[BlackElo "1881"]
[PlyCount "82"]
[EventDate "2008.05.14"]
[EventType "tourn"]
[EventRounds "5"]
[EventCountry "CAN"]
[SourceTitle "EXT 2011"]
[Source "ChessBase"]
[SourceDate "2010.11.26"]
[SourceVersion "1"]
[SourceVersionDate "2010.11.26"]
[SourceQuality "1"]

1. d4 e5 2. dxe5 Nc6 3. Nf3 Qe7 4. Qd5 f6 5. exf6 Nxf6 6. Qb3 d5 7. Bg5 Bd7 8. c3 0-0-0 9. e3 d4 10. Nxd4 Nxd4 11. cxd4 Bc6 12. Be2 Bxg2 13. Rg1 Bd5 14. Qa4 Kb8 15. Nc3 Be6 16. Qc2 h6 17. Bxf6 Qxf6 18. a3 g5 19. Ne4 Qf5 20. Bd3 Qa5+ 21. Qc3 Qxc3+ 22. Nxc3 Bd6 23. d5 Bd7 24. Rh1 Bh3 25. Bf1 Bxf1 26. Kxf1 Be5 27. e4 Rhf8 28. Ke2 Rf4 29. f3 g4 30. Raf1 Bxc3 31. bxc3 gxf3+ 32. Rxf3 Rxe4+ 33. Kd3 Rh4 34. c4 b6 35. h3 c6 36. Rf5 cxd5 37. Rxd5 Kc7 38. a4 Rxd5+ 39. cxd5 Kd6 40. Kc3 Rxa4 41. Re1 Ra3+ 1-0

[Event "FICGS rapid A 000038 email"]
[Site "FICGS email"]
[Date "2008.01.27"]
[Round "1"]
[White "Malpalma, Joaquim"]
[Black "Poschmann, Jeremie"]
[Result "1-0"]
[WhiteElo "1916"]
[BlackElo "1832"]
[PlyCount "43"]
[EventDate "2008.??.??"]
[EventType "tourn (rapid)"]
[EventRounds "6"]
[SourceTitle "Corr 2022"]
[Source "ChessBase"]
[SourceDate "2021.10.24"]
[SourceVersion "1"]
[SourceVersionDate "2021.10.24"]
[SourceQuality "1"]

1. c4 Nf6 2. Nc3 c5 3. Nf3 g6 4. e4 d6 5. d4 cxd4 6. Nxd4 Bg7 7. Be2 0-0 8. 0-0 Nc6 9. Be3 Bd7 10. Qd2 a5 11. Ndb5 Nb4 12. Rad1 Bc6 13. a3 Na6 14. f3 Nd7 15. f4 Nac5 16. Qc2 f5 17. e5 Bxb5 18. Nxb5 Ne4 19. Bf3 dxe5 20. Bxe4 fxe4 21. Qxe4 exf4 22. Qe6+ 1-0

[Event "FICGS rapid A 000038 email"]
[Site "FICGS email"]
[Date "2008.01.27"]
[Round "1"]
[White "Poschmann, Jeremie"]
[Black "Riha, Josef"]
[Result "0-1"]
[WhiteElo "1832"]
[BlackElo "1980"]
[PlyCount "98"]
[EventDate "2008.??.??"]
[EventType "tourn (rapid)"]
[EventRounds "6"]
[SourceTitle "Corr 2022"]
[Source "ChessBase"]
[SourceDate "2021.10.24"]
[SourceVersion "1"]
[SourceVersionDate "2021.10.24"]
[SourceQuality "1"]

1. d4 Nf6 2. c4 c5 3. d5 b5 4. cxb5 a6 5. b6 Qxb6 6. Nc3 d6 7. Nf3 g6 8. Nd2 Bg7 9. e4 0-0 10. Be2 Nbd7 11. 0-0 Qc7 12. Rb1 Rb8 13. a3 e6 14. dxe6 fxe6 15. Nc4 Ne8 16. Bg5 Ne5 17. f4 Nc6 18. Bd3 Bb7 19. f5 gxf5 20. exf5 h6 21. Bh4 d5 22. Bg3 Qd7 23. fxe6 Qxe6 24. Rxf8+ Kxf8 25. Qf3+ Qf6 26. Qxf6+ Bxf6 27. Bxb8 Nxb8 28. Nd2 Nc7 29. Re1 c4 30. Bc2 Nd7 31. Rd1 Nc5 32. Nf3 Bxc3 33. bxc3 Nb5 34. Nd4 Nxc3 35. Rd2 Ke7 36. Nf5+ Ke6 37. Nxh6 d4 38. Bf5+ Ke5 39. g4 d3 40. Nf7+ Kd4 41. Nd6 Be4 42. h4 Ne2+ 43. Kf2 c3 44. Rxe2 dxe2 45. Bxe4 Nxe4+ 46. Nxe4 c2 47. Kxe2 c1Q 48. Ng5 Qe3+ 49. Kf1 Qg3 0-1

[Event "FICGS rapid A 000038 email"]
[Site "FICGS email"]
[Date "2008.01.27"]
[Round "1"]
[White "Poschmann, Jeremie"]
[Black "Tomlin, Lincoln"]
[Result "0-1"]
[WhiteElo "1832"]
[BlackElo "1955"]
[PlyCount "88"]
[EventDate "2008.??.??"]
[EventType "tourn (rapid)"]
[EventRounds "6"]
[SourceTitle "Corr 2022"]
[Source "ChessBase"]
[SourceDate "2021.10.24"]
[SourceVersion "1"]
[SourceVersionDate "2021.10.24"]
[SourceQuality "1"]

1. d4 d5 2. c4 c6 3. e3 Nf6 4. Nc3 Bf5 5. Bd3 Bxd3 6. Qxd3 e6 7. Nf3 Bb4 8. cxd5 exd5 9. 0-0 0-0 10. Bd2 Nbd7 11. Ne2 Bd6 12. Ng3 Bxg3 13. hxg3 Ne4 14. b4 a6 15. a4 Qf6 16. Rab1 Nb6 17. b5 cxb5 18. axb5 Nc4 19. bxa6 Rxa6 20. Bb4 Rfa8 21. Nd2 Nexd2 22. Bxd2 b6 23. Bb4 h6 24. e4 Qg6 25. Rfe1 b5 26. Rb3 dxe4 27. Qxe4 Qxe4 28. Rxe4 Ra1+ 29. Kh2 Rd1 30. Re7 Rxd4 31. Rb7 Rd5 32. g4 Rad8 33. f3 R8d7 34. Rb8+ Kh7 35. Bc3 Nd6 36. Be1 Nb7 37. Rb2 f6 38. Bf2 h5 39. gxh5 Rxh5+ 40. Kg3 Nd6 41. f4 Rc7 42. Kg4 Kg6 43. Be3 Rc3 44. Bd4 f5# 0-1

[Event "FICGS class C 000072 email"]
[Site "FICGS email"]
[Date "2008.01.24"]
[Round "1"]
[White "David, Matthieu"]
[Black "Poschmann, Jeremie"]
[Result "0-1"]
[WhiteElo "1800"]
[BlackElo "1832"]
[PlyCount "43"]
[EventDate "2008.??.??"]
[EventType "tourn (corr)"]
[EventRounds "4"]
[SourceTitle "Corr 2022"]
[Source "ChessBase"]
[SourceDate "2021.10.24"]
[SourceVersion "1"]
[SourceVersionDate "2021.10.24"]
[SourceQuality "1"]

1. e4 c5 2. Nf3 d6 3. Bb5+ Nd7 4. 0-0 a6 5. Bxd7+ Bxd7 6. c3 e5 7. d4 Nf6 8. dxe5 Nxe4 9. Qd3 Bc6 10. Nbd2 Nxd2 11. Bxd2 dxe5 12. Qxd8+ Rxd8 13. Rae1 Bxf3 14. gxf3 Rxd2 15. Rxe5+ Be7 16. Rfe1 Rd7 17. Rxc5 0-0 18. Rc4 Rfd8 19. Kf1 Bf6 20. Rce4 g6 21. a4 Rd2 22. b4 0-1

[Event "FICGS class C 000072 email"]
[Site "FICGS email"]
[Date "2008.01.24"]
[Round "1"]
[White "Poschmann, Jeremie"]
[Black "Haluschka, Rainer"]
[Result "0-1"]
[WhiteElo "1832"]
[BlackElo "1714"]
[PlyCount "24"]
[EventDate "2008.??.??"]
[EventType "tourn (corr)"]
[EventRounds "4"]
[SourceTitle "Corr 2022"]
[Source "ChessBase"]
[SourceDate "2021.10.24"]
[SourceVersion "1"]
[SourceVersionDate "2021.10.24"]
[SourceQuality "1"]

1. d4 Nf6 2. c4 c5 3. d5 b5 4. cxb5 Bb7 5. Nc3 e6 6. e4 exd5 7. exd5 Bd6 8. Bg5 0-0 9. Nf3 h6 10. Bh4 a6 11. Be2 axb5 12. Nxb5 Qa5+ 0-1

[Event "Montreal Mercredi 05"]
[Site "Montreal"]
[Date "2007.05.16"]
[Round "1"]
[White "Poschmann, Jeremie"]
[Black "Torkan, Behnam"]
[Result "0-1"]
[WhiteElo "1852"]
[BlackElo "1914"]
[PlyCount "52"]
[EventDate "2007.05.16"]
[EventType "swiss"]
[EventRounds "6"]
[EventCountry "CAN"]
[SourceTitle "EXT 2022"]
[Source "ChessBase"]
[SourceDate "2021.10.06"]
[SourceVersion "1"]
[SourceVersionDate "2021.10.06"]
[SourceQuality "1"]

1. d4 Nf6 2. c4 e6 3. g3 d5 4. Bg2 Nc6 5. Nf3 Be7 6. Nbd2 0-0 7. 0-0 h6 8. Re1 Bb4 9. a3 Bxd2 10. Qxd2 Ne4 11. Qc2 a5 12. Bd2 Nxd2 13. Qxd2 dxc4 14. Qc3 a4 15. Qxc4 Bd7 16. Rac1 Qe7 17. e4 Rfc8 18. Nd2 e5 19. Nf3 exd4 20. Nxd4 Nxd4 21. Qxd4 Be6 22. Rc5 Rd8 23. Qc3 c6 24. Rc1 Rd7 25. Ra5 Rad8 26. Rxa4 Rd3 0-1

[Event "Montreal Mercredi 04"]
[Site "Montreal"]
[Date "2007.04.18"]
[Round "3"]
[White "Lalonde, Paul"]
[Black "Poschmann, Jeremie"]
[Result "1-0"]
[WhiteElo "1814"]
[BlackElo "1841"]
[PlyCount "63"]
[EventDate "2007.04.04"]
[EventType "swiss"]
[EventRounds "5"]
[EventCountry "CAN"]
[SourceTitle "EXT 2022"]
[Source "ChessBase"]
[SourceDate "2021.10.06"]
[SourceVersion "1"]
[SourceVersionDate "2021.10.06"]
[SourceQuality "1"]

1. e4 e6 2. d4 d5 3. Nc3 Bb4 4. e5 c5 5. a3 Bxc3+ 6. bxc3 Qc7 7. Qg4 f5 8. Qg3 Nc6 9. Be3 c4 10. Nf3 g6 11. h4 Nge7 12. h5 Rg8 13. hxg6 Nxg6 14. Ng5 Nf8 15. Be2 Qg7 16. Qh3 Ne7 17. Bf3 Rh8 18. Qh6 Qxh6 19. Rxh6 Ng8 20. Bh5+ Ke7 21. Nf7 Nxh6 22. Nxh8 Ng6 23. Bxg6 hxg6 24. Bxh6 Bd7 25. Bg5+ Kf8 26. Nxg6+ Kf7 27. Nf4 Rh8 28. Ke2 Ba4 29. Rb1 b6 30. Kd2 Rg8 31. Bf6 Rg4 32. g3 1-0

[Event "Montreal Mercredi 04"]
[Site "Montreal"]
[Date "2007.04.04"]
[Round "1"]
[White "Poschmann, Jeremie"]
[Black "Katch, Gary"]
[Result "1-0"]
[WhiteElo "1841"]
[BlackElo "1741"]
[PlyCount "93"]
[EventDate "2007.04.04"]
[EventType "swiss"]
[EventRounds "5"]
[EventCountry "CAN"]
[SourceTitle "EXT 2022"]
[Source "ChessBase"]
[SourceDate "2021.10.06"]
[SourceVersion "1"]
[SourceVersionDate "2021.10.06"]
[SourceQuality "1"]

1. d4 d5 2. c4 e6 3. g3 Nf6 4. Bg2 Bb4+ 5. Bd2 Qe7 6. Nf3 0-0 7. 0-0 Nbd7 8. Qc2 c6 9. Bxb4 Qxb4 10. Nbd2 dxc4 11. a3 Qb5 12. Nxc4 Nb6 13. Nd6 Qd5 14. Qc5 Rd8 15. Qxd5 cxd5 16. Nxc8 Raxc8 17. Rfc1 Ne4 18. b3 a5 19. b4 a4 20. Ne5 Nc3 21. Rc2 f6 22. Nd3 Nb5 23. Rxc8 Rxc8 24. Nc5 Nxd4 25. e3 Nb3 26. Rb1 Nd2 27. Rd1 Ndc4 28. Ra1 Kf7 29. Nxb7 Nd7 30. Bf1 Ke7 31. Rc1 Ndb6 32. Bxc4 Nxc4 33. Rc3 Nb6 34. Nc5 Ra8 35. Kf1 Ra7 36. Ke2 Kd6 37. Kd3 e5 38. f3 Nc4 39. e4 Nb2+ 40. Kd2 Nc4+ 41. Ke2 Nb6 42. exd5 Nxd5 43. Ne4+ Kd7 44. Rd3 Kc6 45. b5+ Kxb5 46. Rxd5+ Kc4 47. Rd3 1-0

[Event "Montreal Hiver op"]
[Site "Montreal"]
[Date "2007.01.21"]
[Round "4"]
[White "Saziouk, Alexandre"]
[Black "Poschmann, Jeremie"]
[Result "0-1"]
[WhiteElo "1652"]
[BlackElo "1739"]
[PlyCount "86"]
[EventDate "2007.01.19"]
[EventType "swiss"]
[EventRounds "5"]
[EventCountry "CAN"]
[SourceTitle "EXT 2008"]
[Source "ChessBase"]
[SourceDate "2007.11.25"]
[SourceVersion "1"]
[SourceVersionDate "2007.11.25"]
[SourceQuality "1"]

1. d4 Nf6 2. c4 c5 3. d5 e6 4. Bg5 exd5 5. cxd5 d6 6. Nc3 g6 7. e4 Bg7 8. Bd3 0-0 9. Nge2 a6 10. a4 Nbd7 11. 0-0 Re8 12. Bf4 Qc7 13. Qd2 Ne5 14. Bxe5 Rxe5 15. f4 Re8 16. Kh1 b6 17. Ng3 Qd8 18. Rae1 Ng4 19. Be2 Nxh2 20. Kxh2 Qh4+ 21. Kg1 Bd4+ 22. Rf2 Qxg3 23. Bf3 Bxf2+ 24. Qxf2 Qxf4 25. Rf1 Ra7 26. Ne2 Qe5 27. Nc3 Rae7 28. Qh4 Bd7 29. Kf2 b5 30. Rh1 f5 31. axb5 axb5 32. Re1 b4 33. Nd1 Qd4+ 34. Kg3 fxe4 35. Bg4 Bxg4 36. Qxg4 Qxd5 37. Ne3 Qe5+ 38. Kh3 d5 39. Rf1 Rf8 40. Rxf8+ Kxf8 41. Qc8+ Kf7 42. Qxc5 d4 43. Qc4+ Qe6+ 0-1

[Event "Quebec-ch qual U1600"]
[Site "Montreal"]
[Date "2005.10.09"]
[Round "3"]
[White "Poschmann, Jeremie"]
[Black "Germain, Emile"]
[Result "1-0"]
[WhiteElo "1408"]
[BlackElo "1461"]
[PlyCount "119"]
[EventDate "2005.10.08"]
[EventType "swiss"]
[EventRounds "3"]
[EventCountry "CAN"]
[SourceTitle "EXT 2009"]
[Source "ChessBase"]
[SourceDate "2008.11.26"]
[SourceVersion "1"]
[SourceVersionDate "2008.11.26"]
[SourceQuality "1"]

1. d4 d5 2. c4 e6 3. Nc3 Nf6 4. Bg5 Bb4 5. e3 h6 6. Bh4 c5 7. a3 Bxc3+ 8. bxc3 g5 9. Bg3 Ne4 10. Qc2 Qa5 11. cxd5 Nxc3 12. Qd2 b6 13. dxc5 Nxd5 14. Qxa5 bxa5 15. Bb5+ Bd7 16. Bxd7+ Kxd7 17. Nf3 f6 18. Bd6 e5 19. Rc1 Kc6 20. Ke2 Nd7 21. Rhd1 Nc7 22. a4 Na6 23. Nd2 Kd5 24. Nb3+ Ke6 25. Nxa5 Rac8 26. Nb3 Ndb8 27. Na5 Nc6 28. Nb3 Rh7 29. f4 gxf4 30. exf4 Rb7 31. Rc3 Rb4 32. fxe5 fxe5 33. a5 Rxb3 34. Rxb3 Nd4+ 35. Rxd4 exd4 36. Rb5 Kd5 37. Rb7 Nxc5 38. Bxc5 Rxc5 39. Rxa7 Kc4 40. Kd2 h5 41. a6 Kb5 42. Rd7 Kxa6 43. Rxd4 Kb6 44. Ke3 Kc6 45. Rd2 Rc4 46. Kf3 Rg4 47. g3 Rc4 48. Rd3 Ra4 49. h3 Kc5 50. g4 Kc4 51. Re3 hxg4+ 52. hxg4 Kd5 53. Kg3 Kd4 54. Re8 Kd5 55. Kh4 Kd6 56. Kh5 Kd7 57. Re3 Ra8 58. Kh6 Rh8+ 59. Kg7 Re8 60. Rxe8 1-0